[Event "15MCR_F"]
[Site "?"]
[Date "2001.??.??"]
[Round "?"]
[White "Spal, Milan"]
[Black "Doudera, Lubomir"]
[Result "1-0"]
[WhiteElo "2425"]
[BlackElo "2240"]
[PlyCount "57"]
[EventDate "2001.??.??"]
[EventType "corr"]
[Source "Chess Mail Ltd"]
[SourceDate "2005.07.27"]

1. e4 d5 2. exd5 Qxd5 3. Nc3 Qa5 4. d4 Nf6 5. Nf3 Bg4 6. h3 Bh5 7. g4 Bg6 8.
Ne5 e6 9. h4 Bb4 10. Bd2 Qb6 11. Bg2 Bxc3 12. Bxc3 Be4 13. Bxe4 Nxe4 14. Qf3
Nd6 15. O-O-O Nc6 16. h5 Nb4 17. Bxb4 Qxb4 18. h6 g6 19. Qf6 Rf8 20. Rhe1 Nc4
21. Nxc4 Qxc4 22. d5 Qxa2 23. dxe6 Qa1+ 24. Kd2 Qa5+ 25. Kd3 Rd8+ 26. Ke2 Rd6
27. Rxd6 cxd6 28. Kf1 Qb5+ 29. Kg1 1-0

[Event "15MCR_F"]
[Site "?"]
[Date "2001.??.??"]
[Round "?"]
[White "Trexler, Evzen"]
[Black "Doudera, Lubomir"]
[Result "1-0"]
[WhiteElo "2350"]
[BlackElo "2240"]
[PlyCount "61"]
[EventDate "2001.??.??"]
[EventType "corr"]
[Source "Chess Mail Ltd"]
[SourceDate "2005.07.27"]

1. e4 d5 2. exd5 Qxd5 3. Nc3 Qa5 4. Bc4 Nf6 5. h3 c6 6. Nf3 Bf5 7. O-O e6 8.
Qe2 Nbd7 9. d3 O-O-O 10. a3 Bd6 11. Bd2 Qc7 12. b4 h6 13. b5 c5 14. a4 g5 15.
a5 Qb8 16. b6 a6 17. Ne4 g4 18. hxg4 Nxg4 19. Nxd6+ Qxd6 20. d4 Nb8 21. dxc5
Qxc5 22. Ra4 Qe7 23. Bb3 Nc6 24. Rc4 e5 25. Ba4 Qd7 26. Rc5 f6 27. Bxc6 bxc6
28. Qxa6+ Kb8 29. Nd4 Be4 30. Ne6 Qb7 31. Qxb7+ 1-0

[Event "15MCR_F"]
[Site "?"]
[Date "2001.??.??"]
[Round "?"]
[White "Votypka, Miroslav"]
[Black "Doudera, Lubomir"]
[Result "1-0"]
[WhiteElo "2355"]
[BlackElo "2240"]
[PlyCount "69"]
[EventDate "2001.??.??"]
[EventType "corr"]
[Source "Chess Mail Ltd"]
[SourceDate "2005.07.27"]

1. e4 d5 2. exd5 Qxd5 3. Nc3 Qa5 4. d4 Nf6 5. Nf3 Bg4 6. h3 Bh5 7. g4 Bg6 8.
Ne5 e6 9. Bg2 c6 10. h4 Be4 11. Bxe4 Nxe4 12. Qf3 Nd6 13. Bf4 f6 14. Nd3 Nb5
15. O-O Nxd4 16. Qe4 Qd8 17. Rad1 Be7 18. Be3 e5 19. f4 Nxc2 20. Nf2 Nd4 21.
fxe5 fxe5 22. Nd3 Qc7 23. Nxe5 Nd7 24. Bxd4 Nf6 25. Qf5 Qc8 26. Qf3 O-O 27. g5
Nd7 {#} 28. Nd5 Rxf3 29. Nxe7+ Kh8 30. Nxc8 Nxe5 31. Bxe5 Rxf1+ 32. Rxf1 Rxc8
33. Rf7 Rg8 34. Rxb7 a5 35. h5 1-0

[Event "15MCR_F"]
[Site "?"]
[Date "2001.??.??"]
[Round "?"]
[White "Vaindl, Jaroslav"]
[Black "Spal, Milan"]
[Result "1/2-1/2"]
[WhiteElo "2325"]
[BlackElo "2425"]
[PlyCount "57"]
[EventDate "2001.??.??"]
[EventType "corr"]
[Source "Chess Mail Ltd"]
[SourceDate "2005.07.27"]

1. e4 Nf6 2. e5 Nd5 3. d4 d6 4. c4 Nb6 5. exd6 exd6 6. Nc3 Be7 7. Be3 O-O 8.
Nf3 Bg4 9. h3 Bxf3 10. Qxf3 Nc6 11. c5 dxc5 12. dxc5 Nd7 13. O-O-O Qc8 14. Qg4
Nxc5 15. Nd5 Qxg4 16. Nxe7+ Nxe7 17. hxg4 Ne6 18. Bd3 Ng6 19. Be4 Rab8 20. g3
Rfe8 21. Bxa7 Ra8 22. Be3 Rxa2 23. Bxb7 Rb8 24. Kb1 Ra4 25. Bd5 Rxg4 26. Ba7
Rc8 27. f4 Ne7 28. Be4 Rxg3 29. Bxh7+ 1/2-1/2

[Event "15MCR_F"]
[Site "?"]
[Date "2001.??.??"]
[Round "?"]
[White "Hybl, Vladislav"]
[Black "Spal, Milan"]
[Result "1/2-1/2"]
[WhiteElo "2240"]
[BlackElo "2425"]
[PlyCount "68"]
[EventDate "2001.??.??"]
[EventType "corr"]
[Source "Chess Mail Ltd"]
[SourceDate "2005.07.27"]

1. e4 Nf6 2. e5 Nd5 3. d4 d6 4. Nf3 g6 5. Bc4 Nb6 6. Bb3 Bg7 7. a4 a5 8. exd6
cxd6 9. O-O O-O 10. Nc3 Bg4 11. Nb5 Nc6 12. c3 d5 13. h3 Bxf3 14. Qxf3 Na7 15.
Nxa7 Rxa7 16. Bg5 Qd7 17. Rfe1 e6 18. Bf6 Raa8 19. Bc2 Rac8 20. Bxg7 Kxg7 21.
Qg3 Rc6 22. Bd3 Qc7 23. f4 Nc4 24. Re2 Rb8 25. Qf2 b5 26. axb5 Rxb5 27. g4 Rcb6
28. Rf1 a4 29. f5 exf5 30. gxf5 Rf6 31. Qh4 Rxb2 32. Bxc4 Rxe2 33. Bxe2 Qxc3
34. Rf3 Qa1+ 1/2-1/2

[Event "15MCR_F"]
[Site "?"]
[Date "2001.??.??"]
[Round "?"]
[White "Kudela, Stanislav"]
[Black "Spal, Milan"]
[Result "1/2-1/2"]
[WhiteElo "2440"]
[BlackElo "2425"]
[PlyCount "52"]
[EventDate "2001.??.??"]
[EventType "corr"]
[Source "Chess Mail Ltd"]
[SourceDate "2005.07.27"]

1. e4 Nf6 2. e5 Nd5 3. d4 d6 4. Nf3 g6 5. Bc4 Nb6 6. Bb3 Bg7 7. Ng5 d5 8. f4 f6
9. Nf3 Bg4 10. O-O Nc6 11. c3 Qd7 12. a4 O-O 13. a5 Nc4 14. a6 b5 15. Bc2 fxe5
16. fxe5 Nd8 17. Bd3 Ne6 18. h3 Bxf3 19. Rxf3 Rxf3 20. Qxf3 c5 21. b3 Nb6 22.
Qg4 b4 23. Be3 Qc6 24. Bb5 Qxb5 25. Qxe6+ Kh8 26. Qxe7 Qd3 1/2-1/2

[Event "15MCR_F"]
[Site "?"]
[Date "2001.??.??"]
[Round "?"]
[White "Votypka, Miroslav"]
[Black "Spal, Milan"]
[Result "1/2-1/2"]
[WhiteElo "2355"]
[BlackElo "2425"]
[PlyCount "42"]
[EventDate "2001.??.??"]
[EventType "corr"]
[Source "Chess Mail Ltd"]
[SourceDate "2005.07.27"]

1. e4 Nf6 2. e5 Nd5 3. d4 d6 4. Nf3 g6 5. Bc4 Nb6 6. Bb3 Bg7 7. a4 a5 8. Ng5 d5
9. O-O O-O 10. Re1 f6 11. exf6 exf6 12. Ne6 Bxe6 13. Rxe6 Nc6 14. c3 Qd7 15.
Re1 Rae8 16. Rxe8 Rxe8 17. Be3 Ne7 18. Bf4 Nf5 19. Bc2 Nc4 20. Nd2 Nxd2 21.
Qxd2 Nd6 1/2-1/2

[Event "15MCR_F"]
[Site "?"]
[Date "2001.??.??"]
[Round "?"]
[White "Foukal, Zdenek"]
[Black "Omelka, Roman"]
[Result "0-1"]
[WhiteElo "2335"]
[BlackElo "2270"]
[PlyCount "76"]
[EventDate "2001.??.??"]
[EventType "corr"]
[Source "Chess Mail Ltd"]
[SourceDate "2005.07.27"]

1. e4 d6 2. d4 Nf6 3. Nc3 g6 4. Be3 c6 5. Qd2 b5 6. Bd3 Nbd7 7. Nf3 Qc7 8. O-O
Bb7 9. b4 a6 10. Rfb1 Bg7 11. a4 O-O 12. h3 e5 13. axb5 cxb5 14. d5 Nb6 15. Ra3
Nc4 16. Bxc4 Qxc4 17. Qd3 Qc7 18. Rc1 Nh5 19. Bd2 Rac8 20. Ne2 Qd7 21. g4 f5
22. gxh5 fxe4 23. Qxe4 Rc4 24. Qe3 Qxh3 25. Nh2 Qxh5 26. Ng3 Qh4 27. Qe1 e4 28.
c3 Bxd5 29. Rxa6 e3 30. Bxe3 Be5 31. Rd1 Bxg3 32. fxg3 Rg4 33. Bf2 Rxf2 34.
Ra8+ Bxa8 35. Qe8+ Kg7 36. Qd7+ Rf7 37. Qxg4 Qxg4 38. Nxg4 Rf3 0-1

[Event "15MCR_F"]
[Site "?"]
[Date "2001.??.??"]
[Round "?"]
[White "Hala, Martin"]
[Black "Omelka, Roman"]
[Result "1-0"]
[WhiteElo "2415"]
[BlackElo "2270"]
[PlyCount "65"]
[EventDate "2001.??.??"]
[EventType "corr"]
[Source "Chess Mail Ltd"]
[SourceDate "2005.07.27"]

1. e4 d6 2. d4 Nf6 3. Nc3 g6 4. Bg5 c6 5. Qd2 Bg7 6. f4 O-O 7. Bd3 d5 8. e5 Nh5
9. Nge2 f6 10. Bh4 fxe5 11. fxe5 c5 12. dxc5 Nc6 13. O-O-O Bxe5 14. Bb5 Nd4 15.
Rhe1 Nxb5 16. Nxd5 Qe8 17. Ng3 Bxg3 18. hxg3 e5 19. Qg5 Ng7 20. Rxe5 Be6 21.
Nf6+ Rxf6 22. Qxf6 Nc7 23. Bg5 Qf8 24. Qf3 Rb8 25. Bf4 Qc8 26. Rde1 b6 27. c6
Ra8 28. b3 Qe8 29. g4 Rc8 30. Kb1 Qe7 31. Bh6 Re8 32. Qc3 Qf6 33. g5 1-0

[Event "15MCR_F"]
[Site "?"]
[Date "2001.??.??"]
[Round "?"]
[White "Masek, Jan"]
[Black "Omelka, Roman"]
[Result "1-0"]
[WhiteElo "2330"]
[BlackElo "2270"]
[PlyCount "67"]
[EventDate "2001.??.??"]
[EventType "corr"]
[Source "Chess Mail Ltd"]
[SourceDate "2005.07.27"]

1. e4 d6 2. d4 Nf6 3. Nc3 g6 4. g3 Bg7 5. Bg2 O-O 6. Nge2 e5 7. h3 Nc6 8. Be3
exd4 9. Nxd4 Bd7 10. O-O Re8 11. Re1 a6 12. a4 Na5 13. Qd3 c5 14. Nde2 Bc6 15.
Red1 c4 16. Qxd6 Qxd6 17. Rxd6 Nxe4 18. Nxe4 Bxe4 19. Bxe4 Rxe4 20. Nd4 Ree8
21. Rd1 Rab8 22. c3 Be5 23. Rd5 Bc7 24. Nc2 Nc6 25. Kg2 Rbc8 26. Na3 Ne5 27.
Bd4 Kf8 28. f4 Nd3 29. b3 Re2+ 30. Kf1 Ra2 31. Nxc4 Nb2 32. Nxb2 Rxb2 33. Rc5
Rh2 34. Rc4 1-0

[Event "15MCR_F"]
[Site "?"]
[Date "2001.??.??"]
[Round "?"]
[White "Straka, Zdenek"]
[Black "Omelka, Roman"]
[Result "1-0"]
[WhiteElo "2355"]
[BlackElo "2270"]
[PlyCount "53"]
[EventDate "2001.??.??"]
[EventType "corr"]
[Source "Chess Mail Ltd"]
[SourceDate "2005.07.27"]

1. e4 d6 2. d4 Nf6 3. Nc3 g6 4. Be3 c6 5. h3 b5 6. e5 Nh5 7. Nf3 b4 8. Nb1 Ng7
9. a3 bxa3 10. Rxa3 Nf5 11. Bd2 dxe5 12. dxe5 e6 13. Rd3 Qc7 14. g4 Ne7 15. Nc3
Ba6 16. Ne4 Nd5 17. Rd4 Bxf1 18. Kxf1 Nd7 19. c4 N5b6 20. Bg5 h6 21. Nf6+ Nxf6
22. Bxf6 Rg8 23. Kg2 c5 24. Rd3 Be7 25. Qb3 a6 26. Rhd1 g5 27. Nd2 1-0

[Event "15MCR_F"]
[Site "?"]
[Date "2001.??.??"]
[Round "?"]
[White "Hlavac, Rudolf"]
[Black "Omelka, Roman"]
[Result "1/2-1/2"]
[WhiteElo "2350"]
[BlackElo "2270"]
[PlyCount "82"]
[EventDate "2001.??.??"]
[EventType "corr"]
[Source "Chess Mail Ltd"]
[SourceDate "2005.07.27"]

1. e4 d6 2. d4 Nf6 3. Nc3 g6 4. Nf3 Bg7 5. Be2 O-O 6. O-O c6 7. h3 Qc7 8. Bf4
Nbd7 9. e5 dxe5 10. Nxe5 Nxe5 11. Bxe5 Qa5 12. Bf3 Bf5 13. Qe2 Rfd8 14. a3 Rac8
15. Rfe1 Bh6 16. Ne4 Bxe4 17. Bxe4 Nd7 18. Bg3 Qb6 19. c3 Nf6 20. Bf3 Rd7 21.
Be5 Qb3 22. a4 a5 23. Ra3 Qb6 24. Qc2 Rcd8 25. Rb3 Qa7 26. c4 Bg7 27. Rd3 e6
28. Qc3 Ne8 29. Bxg7 Nxg7 30. Re5 Rxd4 31. Rxd4 Qxd4 32. Qxd4 Rxd4 33. Rxa5 Nf5
34. Ra7 Rxc4 35. Rxb7 Rxa4 36. Bxc6 Rc4 37. Rb8+ Kg7 38. Ba8 Rc1+ 39. Kh2 Rc2
40. Kg1 Rc1+ 41. Kh2 Rc2 1/2-1/2

[Event "15MCR_F"]
[Site "?"]
[Date "2001.??.??"]
[Round "?"]
[White "Kudela, Stanislav"]
[Black "Omelka, Roman"]
[Result "0-1"]
[WhiteElo "2440"]
[BlackElo "2270"]
[PlyCount "58"]
[EventDate "2001.??.??"]
[EventType "corr"]
[Source "Chess Mail Ltd"]
[SourceDate "2005.07.27"]

1. e4 d6 2. d4 Nf6 3. Nc3 g6 4. f4 Bg7 5. Nf3 c5 6. Bb5+ Bd7 7. e5 Ng4 8. e6
fxe6 9. Ng5 Bxb5 10. Nxb5 Qa5+ 11. c3 Qxb5 12. Qxg4 cxd4 13. Nxe6 Qc4 14. Nxg7+
Kf7 15. Nf5 h5 16. Ne3 dxe3 17. Qe2 Qxe2+ 18. Kxe2 Nd7 19. Bxe3 Nf6 20. c4 a6
21. Rac1 Rac8 22. b4 Rc7 23. a4 Rhc8 24. Kd3 e5 25. h3 e4+ 26. Kd4 Ke6 27. a5
Rd7 28. g4 hxg4 29. hxg4 Nxg4 0-1

[Event "15MCR_F"]
[Site "?"]
[Date "2001.??.??"]
[Round "?"]
[White "Ridky, Vladimir"]
[Black "Omelka, Roman"]
[Result "1/2-1/2"]
[WhiteElo "2275"]
[BlackElo "2270"]
[PlyCount "54"]
[EventDate "2001.??.??"]
[EventType "corr"]
[Source "Chess Mail Ltd"]
[SourceDate "2005.07.27"]

1. e4 d6 2. d4 Nf6 3. Nc3 g6 4. f4 Bg7 5. Nf3 c5 6. Bb5+ Bd7 7. Bxd7+ Nfxd7 8.
d5 b5 9. O-O b4 10. Ne2 Nf6 11. Ng3 O-O 12. f5 Nbd7 13. h3 Nb6 14. Qe2 Nfd7 15.
h4 Qe8 16. a3 bxa3 17. Rxa3 e6 18. Bf4 Nc8 19. b3 exd5 20. exd5 Qxe2 21. Nxe2
Re8 22. Ng3 Nf6 23. c4 Rb8 24. Re1 Rxe1+ 25. Nxe1 Rb6 26. fxg6 hxg6 27. Kf1 Ng4
1/2-1/2

[Event "15MCR_F"]
[Site "?"]
[Date "2001.??.??"]
[Round "?"]
[White "Rybak, Milan"]
[Black "Omelka, Roman"]
[Result "1/2-1/2"]
[WhiteElo "2410"]
[BlackElo "2270"]
[PlyCount "102"]
[EventDate "2001.??.??"]
[EventType "corr"]
[Source "Chess Mail Ltd"]
[SourceDate "2005.07.27"]

1. e4 d6 2. d4 Nf6 3. Nc3 g6 4. f4 Bg7 5. Nf3 c5 6. Bb5+ Bd7 7. e5 Ng4 8. e6
fxe6 9. Ng5 Bxb5 10. Nxb5 Qa5+ 11. c3 Qxb5 12. Nxe6 Qc4 13. Qxg4 cxd4 14. Nxg7+
Kf7 15. Nf5 h5 16. Qg5 Qe6+ 17. Ne3 dxe3 18. O-O e2 19. Re1 Qf5 20. Qg3 Nc6 21.
Rxe2 Kg7 22. Be3 Rhf8 23. Rd1 b5 24. Qf3 Rac8 25. h3 a6 26. Kh2 Qf6 27. Rd5 e5
28. fxe5 Qxf3 29. gxf3 dxe5 30. Rd7+ Rf7 31. Bh6+ Kg8 32. Red2 Rc7 33. Rxc7
Rxc7 34. Rd6 Kf7 35. Bg5 b4 36. Bf6 a5 37. Kg2 bxc3 38. bxc3 a4 39. Kf2 Ne7 40.
Bxe5 Rb7 41. c4 Rb4 42. Rf6+ Ke8 43. Rf4 Nf5 44. Re4 Kd7 45. c5 Rb5 46. Rxa4
Rxc5 47. Re4 Rc2+ 48. Re2 Rc4 49. a3 Ra4 50. Bb2 Rh4 51. Kg2 Rc4 1/2-1/2

[Event "15MCR_F"]
[Site "?"]
[Date "2001.??.??"]
[Round "?"]
[White "Vavrla, Zdenek"]
[Black "Omelka, Roman"]
[Result "1/2-1/2"]
[WhiteElo "2320"]
[BlackElo "2270"]
[PlyCount "95"]
[EventDate "2001.??.??"]
[EventType "corr"]
[Source "Chess Mail Ltd"]
[SourceDate "2005.07.27"]

1. e4 d6 2. d4 Nf6 3. Nc3 g6 4. f4 Bg7 5. Nf3 c5 6. Bb5+ Bd7 7. e5 Ng4 8. h3
Bxb5 9. Nxb5 dxe5 10. hxg4 Qa5+ 11. c3 e4 12. Qe2 exf3 13. Nd6+ Kd7 14. Nxb7
Qb6 15. Qxf3 cxd4 16. Nc5+ Qxc5 17. Qxa8 dxc3 18. Qb7+ Kd6 19. b4 Qc6 20. Qxc6+
Nxc6 21. Rb1 Kd5 22. b5 Nd4 23. b6 c2 24. Rb2 axb6 25. Rxb6 e5 26. Rb7 Ke6 27.
Kd2 h6 28. Bb2 Rd8 29. Rb6+ Ke7 30. Ba3+ Ke8 31. Rd6 Ra8 32. Bb2 Bf8 33. Rb6
Rxa2 34. fxe5 Ba3 35. Bxa3 Rxa3 36. Rb4 Nc6 37. Re4 Rg3 38. Rh3 Rxg2+ 39. Kc1
Rf2 40. Rxh6 Kd7 41. e6+ Kd6 42. exf7 Kd5 43. Re2 Rf1+ 44. Kxc2 Nd4+ 45. Kd3
Nxe2 46. Kxe2 Rxf7 47. Rxg6 Ke4 48. Rg8 1/2-1/2

[Event "15MCR_F"]
[Site "?"]
[Date "2001.??.??"]
[Round "?"]
[White "Vrkoc, David"]
[Black "Spal, Milan"]
[Result "1/2-1/2"]
[WhiteElo "2355"]
[BlackElo "2425"]
[PlyCount "42"]
[EventDate "2001.??.??"]
[EventType "corr"]
[Source "Chess Mail Ltd"]
[SourceDate "2005.07.27"]

1. e4 c6 2. c4 d5 3. exd5 cxd5 4. cxd5 Nf6 5. Qa4+ Nbd7 6. Nc3 g6 7. g3 Bg7 8.
Bg2 O-O 9. Nge2 Nb6 10. Qb3 Bf5 11. O-O Qd7 12. Re1 Rfd8 13. d4 Nfxd5 14. Nxd5
Nxd5 15. Nc3 Nxc3 16. bxc3 Rac8 17. Bg5 Re8 18. Bf4 b5 19. a4 bxa4 20. Qxa4
Qxa4 21. Rxa4 Rxc3 1/2-1/2

[Event "15MCR_F"]
[Site "?"]
[Date "2001.??.??"]
[Round "?"]
[White "Kostal, Jindrich"]
[Black "Spal, Milan"]
[Result "1/2-1/2"]
[WhiteElo "2305"]
[BlackElo "2425"]
[PlyCount "86"]
[EventDate "2001.??.??"]
[EventType "corr"]
[Source "Chess Mail Ltd"]
[SourceDate "2005.07.27"]

1. e4 c6 2. d4 d5 3. Nc3 dxe4 4. Nxe4 Nd7 5. Nf3 Ngf6 6. Ng3 e6 7. Bd3 c5 8.
O-O cxd4 9. Nxd4 Bc5 10. Nb3 Be7 11. Re1 O-O 12. Qf3 Re8 13. Bf4 a5 14. a4 Nd5
15. Rad1 Qb6 16. Nf5 Nxf4 17. Nxe7+ Rxe7 18. Qxf4 Nf6 19. Nd2 Qc7 20. Qh4 e5
21. Ne4 Nxe4 22. Bxe4 g6 23. Bd3 Kg7 24. Re3 f6 25. Rf3 Rf7 26. Bc4 Rf8 27. Rc3
Rd8 28. Rxd8 Qxd8 29. Qe4 Qe7 30. h3 Bf5 31. Qd5 Kh6 32. g4 Rd8 33. Qxa5 Rd1+
34. Bf1 Be4 35. Qb6 Bc6 36. Rd3 Ra1 37. b3 Kg7 38. Qe3 g5 39. Qd2 Qa3 40. Rd8
Qc1 41. Qxc1 Rxc1 42. Rd3 Rxc2 43. Bg2 e4 1/2-1/2

[Event "15MCR_F"]
[Site "?"]
[Date "2001.??.??"]
[Round "?"]
[White "Omelka, Roman"]
[Black "Spal, Milan"]
[Result "0-1"]
[WhiteElo "2270"]
[BlackElo "2425"]
[PlyCount "98"]
[EventDate "2001.??.??"]
[EventType "corr"]
[Source "Chess Mail Ltd"]
[SourceDate "2005.07.27"]

1. e4 c6 2. d4 d5 3. Nc3 dxe4 4. Nxe4 Nd7 5. Ng5 Ngf6 6. Bd3 e6 7. N1f3 Bd6 8.
Qe2 h6 9. Ne4 Nxe4 10. Qxe4 Qc7 11. Qg4 Kf8 12. O-O c5 13. Re1 b6 14. c3 Bb7
15. h4 Nf6 16. Qh3 Ke7 17. dxc5 bxc5 18. Bc4 Rhe8 19. Be3 Kf8 20. Nd2 Nd5 21.
Ne4 Be7 22. Rad1 Red8 23. Bd2 Rd7 24. Bg5 Rad8 25. Bxe7+ Rxe7 26. Qg3 Qxg3 27.
Nxg3 Rb8 28. Rd2 Bc6 29. Ne4 Nb6 30. Bf1 Rd7 31. Rxd7 Nxd7 32. b3 a5 33. Bd3
Ke7 34. Kf1 a4 35. Bc4 axb3 36. axb3 Ra8 37. f3 Bxe4 38. Rxe4 Ra3 39. Kf2 Kd6
40. Rg4 g6 41. Re4 h5 42. f4 Nf6 43. Re2 Nd5 44. Bxd5 exd5 45. Rb2 Kc6 46. g3
Ra1 47. b4 c4 48. Re2 Ra3 49. Rc2 d4 0-1

[Event "15MCR_F"]
[Site "?"]
[Date "2001.??.??"]
[Round "?"]
[White "Trexler, Evzen"]
[Black "Spal, Milan"]
[Result "1/2-1/2"]
[WhiteElo "2350"]
[BlackElo "2425"]
[PlyCount "55"]
[EventDate "2001.??.??"]
[EventType "corr"]
[Source "Chess Mail Ltd"]
[SourceDate "2005.07.27"]

1. e4 c6 2. d4 d5 3. Nc3 dxe4 4. Nxe4 Nd7 5. Bc4 Ngf6 6. Nxf6+ Nxf6 7. c3 Qc7
8. Ne2 e6 9. Bf4 Bd6 10. Bxd6 Qxd6 11. Ng3 O-O 12. Qe2 c5 13. Rd1 b6 14. Ne4
Nxe4 15. Qxe4 Rb8 16. Qe5 Qxe5+ 17. dxe5 Bb7 18. f3 Rfd8 19. Ke2 Kf8 20. Bb3
Ke7 21. Ke3 h6 22. Rxd8 Rxd8 23. Rd1 Rxd1 24. Bxd1 f6 25. exf6+ Kxf6 26. g3 e5
27. h4 g5 28. hxg5+ 1/2-1/2

[Event "15MCR_F"]
[Site "?"]
[Date "2001.??.??"]
[Round "?"]
[White "Masek, Jan"]
[Black "Hlavac, Rudolf"]
[Result "1/2-1/2"]
[WhiteElo "2330"]
[BlackElo "2350"]
[PlyCount "38"]
[EventDate "2001.??.??"]
[EventType "corr"]
[Source "Chess Mail Ltd"]
[SourceDate "2005.07.27"]

1. e4 c5 2. f4 d5 3. Nc3 dxe4 4. Nxe4 e6 5. Nf3 Nc6 6. g3 Be7 7. Bg2 Nf6 8. Nf2
O-O 9. O-O Qc7 10. b3 b6 11. Bb2 Bb7 12. c4 Rad8 13. Qe2 Rd7 14. Rad1 Rfd8 15.
Rfe1 h6 16. Bc3 Nd4 17. Bxd4 Bxf3 18. Qxf3 Rxd4 19. Qe2 Bf8 1/2-1/2

[Event "15MCR_F"]
[Site "?"]
[Date "2001.??.??"]
[Round "?"]
[White "Spal, Milan"]
[Black "Foukal, Zdenek"]
[Result "1-0"]
[WhiteElo "2425"]
[BlackElo "2335"]
[PlyCount "95"]
[EventDate "2001.??.??"]
[EventType "corr"]
[Source "Chess Mail Ltd"]
[SourceDate "2005.07.27"]

1. e4 c5 2. f4 Nc6 3. Nf3 g6 4. Bb5 Nf6 5. Bxc6 bxc6 6. d3 d5 7. e5 Nh5 8. O-O
Rb8 9. Nc3 Bh6 10. Qe1 O-O 11. Qh4 f5 12. b3 e6 13. Ng5 Re8 14. Na4 Bf8 15. c4
Qa5 16. Ba3 Rd8 17. Qe1 Qxe1 18. Raxe1 dxc4 19. dxc4 h6 20. Nh3 Rb7 21. Rd1
Rbd7 22. Rxd7 Rxd7 23. Bxc5 Rd2 24. g3 Ng7 25. Rf2 Rd1+ 26. Kg2 Bxc5 27. Nxc5
Kf7 28. Rc2 Ke7 29. Nf2 Ra1 30. Rd2 Ne8 31. Nfd3 Kd8 32. g4 Kc7 33. gxf5 exf5
34. h4 Ng7 35. Kh2 Ne6 36. Nxe6+ Bxe6 37. Nc5 Bc8 38. Rg2 Kb6 39. Na4+ Kc7 40.
Rxg6 Rxa2+ 41. Kg3 Ra3 42. Rg7+ Kd8 43. Nc5 Ra5 44. Kf2 Rxc5 45. Rxa7 Be6 46.
Ke3 Bxc4 47. Kd4 Rd5+ 48. Kxc4 1-0

[Event "15MCR_F"]
[Site "?"]
[Date "2001.??.??"]
[Round "?"]
[White "Spal, Milan"]
[Black "Hlavac, Rudolf"]
[Result "1-0"]
[WhiteElo "2425"]
[BlackElo "2350"]
[PlyCount "71"]
[EventDate "2001.??.??"]
[EventType "corr"]
[Source "Chess Mail Ltd"]
[SourceDate "2005.07.27"]

1. e4 c5 2. f4 d5 3. Nc3 dxe4 4. Nxe4 e6 5. Nf3 Nc6 6. Bb5 Bd7 7. O-O Nh6 8. d3
Nf5 9. c3 Be7 10. Ba4 O-O 11. Bc2 b6 12. Ne5 Qc7 13. Nxd7 Qxd7 14. Qe2 Rad8 15.
Bd2 Qd5 16. a3 a5 17. a4 Rd7 18. Be1 Rfd8 19. Nd2 h6 20. Nc4 Rb7 21. g4 Nh4 22.
Bg3 Bf6 23. Qf2 Ng6 24. Rae1 Nf8 25. f5 Ne7 26. Bb3 Qc6 27. fxe6 fxe6 28. g5
hxg5 29. Ne5 Qc8 30. Ng4 Nd5 31. Bxd5 Rxd5 32. Nxf6+ gxf6 33. Qxf6 Qd8 34. Rxe6
Rxd3 35. Be5 Qxf6 36. Rexf6 1-0

[Event "15MCR_F"]
[Site "?"]
[Date "2001.??.??"]
[Round "?"]
[White "Spal, Milan"]
[Black "Hybl, Jaroslav"]
[Result "1/2-1/2"]
[WhiteElo "2425"]
[BlackElo "2420"]
[PlyCount "55"]
[EventDate "2001.??.??"]
[EventType "corr"]
[Source "Chess Mail Ltd"]
[SourceDate "2005.07.27"]

1. e4 c5 2. f4 g6 3. Nf3 Bg7 4. g3 d5 5. exd5 Qxd5 6. Nc3 Qe6+ 7. Be2 Nc6 8.
O-O Nh6 9. d3 O-O 10. Ne4 b6 11. c3 Bb7 12. Re1 Rad8 13. Bf1 Qd7 14. Qc2 Rfe8
15. a3 Ba6 16. Nf2 Ng4 17. Nxg4 Qxg4 18. Re3 e5 19. Bg2 Qd7 20. Qa4 Nb8 21.
Qxd7 Nxd7 22. Bf1 f5 23. fxe5 Nxe5 24. Nxe5 Bxe5 25. a4 Bf6 26. Rxe8+ Rxe8 27.
a5 b5 28. Bd2 1/2-1/2

[Event "15MCR_F"]
[Site "?"]
[Date "2001.??.??"]
[Round "?"]
[White "Doudera, Lubomir"]
[Black "Foukal, Zdenek"]
[Result "1/2-1/2"]
[WhiteElo "2240"]
[BlackElo "2335"]
[PlyCount "89"]
[EventDate "2001.??.??"]
[EventType "corr"]
[Source "Chess Mail Ltd"]
[SourceDate "2005.07.27"]

1. e4 c5 2. c3 d5 3. exd5 Qxd5 4. d4 Nf6 5. Nf3 Bg4 6. Be2 e6 7. h3 Bh5 8. O-O
Nc6 9. Be3 cxd4 10. cxd4 Be7 11. Nc3 Qd6 12. Qb3 O-O 13. Rfd1 Rfd8 14. a3 Nd5
15. Rac1 Rac8 16. Nxd5 Qxd5 17. Qxd5 exd5 18. Rc3 Bd6 19. Rdc1 h6 20. b4 Ne7
21. g4 Bg6 22. Nh4 Bh7 23. Rxc8 Rxc8 24. Rxc8+ Nxc8 25. Nf5 Bxf5 26. gxf5 f6
27. Bf3 Ne7 28. Kf1 Kf8 29. Ke2 Ke8 30. Kd3 Kd7 31. Bd2 b5 32. Bg4 Kc6 33. Kc2
a6 34. Kc3 Bh2 35. Kd3 Nc8 36. Be3 Nd6 37. Bc1 Bg1 38. Ke2 Ne4 39. Be3 Bh2 40.
Bh5 Nd6 41. Bg6 Kd7 42. h4 Nc4 43. Bc1 Ke7 44. Bh7 Kf7 45. Kd3 1/2-1/2

[Event "15MCR_F"]
[Site "?"]
[Date "2001.??.??"]
[Round "?"]
[White "Doudera, Lubomir"]
[Black "Hlavac, Rudolf"]
[Result "1/2-1/2"]
[WhiteElo "2240"]
[BlackElo "2350"]
[PlyCount "50"]
[EventDate "2001.??.??"]
[EventType "corr"]
[Source "Chess Mail Ltd"]
[SourceDate "2005.07.27"]

1. e4 c5 2. c3 d5 3. exd5 Qxd5 4. d4 Nf6 5. Nf3 e6 6. Be2 cxd4 7. cxd4 Nc6 8.
O-O Be7 9. Nc3 Qd6 10. Nb5 Qd8 11. Bf4 Nd5 12. Bg3 a6 13. Nc3 O-O 14. Rc1 Nf6
15. a3 b6 16. d5 exd5 17. Nxd5 Qxd5 18. Qxd5 Nxd5 19. Rxc6 Bb7 20. Rc2 Rac8 21.
Rfc1 Bf6 22. Rxc8 Rxc8 23. Rxc8+ Bxc8 24. Be5 Bxe5 25. Nxe5 Kf8 1/2-1/2

[Event "15MCR_F"]
[Site "?"]
[Date "2001.??.??"]
[Round "?"]
[White "Doudera, Lubomir"]
[Black "Hybl, Jaroslav"]
[Result "1/2-1/2"]
[WhiteElo "2240"]
[BlackElo "2420"]
[PlyCount "44"]
[EventDate "2001.??.??"]
[EventType "corr"]
[Source "Chess Mail Ltd"]
[SourceDate "2005.07.27"]

1. e4 c5 2. c3 Nf6 3. e5 Nd5 4. d4 cxd4 5. Nf3 Nc6 6. Bc4 Nb6 7. Bb3 d5 8. exd6
Qxd6 9. O-O Be6 10. Na3 dxc3 11. Qe2 Bxb3 12. Nb5 Qb8 13. axb3 e5 14. bxc3 Be7
15. Bg5 f6 16. Be3 Nc8 17. Nh4 O-O 18. Nf5 a6 19. Qg4 g6 20. Nxe7+ N6xe7 21.
Qc4+ Rf7 22. Nc7 Nd6 1/2-1/2

[Event "15MCR_F"]
[Site "?"]
[Date "2001.??.??"]
[Round "?"]
[White "Doudera, Lubomir"]
[Black "Kudela, Stanislav"]
[Result "1-0"]
[WhiteElo "2240"]
[BlackElo "2440"]
[PlyCount "53"]
[EventDate "2001.??.??"]
[EventType "corr"]
[Source "Chess Mail Ltd"]
[SourceDate "2005.07.27"]

1. e4 c5 2. c3 d5 3. exd5 Qxd5 4. d4 Nc6 5. Nf3 Bg4 6. Be2 cxd4 7. cxd4 e6 8.
Nc3 Qa5 9. h3 Bh5 10. O-O Nf6 11. a3 Be7 12. Be3 O-O 13. b4 Qd8 14. b5 Na5 15.
Qa4 Rc8 16. Rfc1 b6 17. g4 Bg6 18. Ne5 Ne4 19. Nd1 Qd6 20. Bf3 Ng5 21. Bg2 Rxc1
22. Rxc1 Be4 23. Bxe4 Nxe4 24. Nc3 Nf6 25. g5 Nd5 26. Nxd5 exd5 27. Nc6 {
Cerny vystoupil z turnaje} 1-0